Geography Quiz

Random Geography or Blitz Quiz
Score 0/10 Timer 00:30
14 Plays Today
% Correct
Halifax, Canada
84.2%
Boston, USA
84%
Seattle, USA
80%
Portland (ME), USA
79%
Portland (OR), USA
74.4%
Chicago, USA
69.1%
Belgrade, Serbia
51%
Nice, France
43.8%
Bilbao, Spain
42.6%
Florence, Italy
33.9%
Remove Ads.
Support Sporcle.
Get the best of Sporcle when you Go Orange. This ad-free experience offers more features, more stats, and more fun while also helping to support Sporcle. Thank you for becoming a member.

You're not logged in!

Compare scores with friends on all Sporcle quizzes.
OR
Log In

Show Comments

Extras

Top Quizzes Today


Score Distribution

Your Account Isn't Verified!

In order to create a playlist on Sporcle, you need to verify the email address you used during registration. Go to your Sporcle Settings to finish the process.

Report this User

Report this user for behavior that violates our Community Guidelines.

Details: